000 01260nam0a2200301 4500
001 RU\NLR\BIBL_A\010914669
005 20250624201157.0
010 _a978-6-7680-2693-6
_91000
021 _aRU
_b2015-75445
_94549
035 _a(NLR Aleph) 010914669
090 _a10648175
_c10648175
100 _a20151201d2015 |||y0rusy50 ca
101 0 _akbd
102 _aRU
105 _ay z 000 y
200 1 _aАдыгэ литературэмкIэ урокхэр 9-нэ классыи зэрыщегъэджыпхъэр
_fДыщэкI М. С.
210 _aНалшык
_cЭльбрус
_d2015
215 _a181,[1] с.
_d20
320 _aБиблиогр. в конце кн.
541 1 _aМетодические рекомендации к учебнику "Кабардино-черкесская литература. 9 класс"
606 1 _aКабардинская литература
_xМетодика преподавания
_xСредняя школа
_91243596
_3RU\NLR\AUTH\66508375
686 1 _aЧ426.21
700 1 _aДыщэкI
_bМ. С.
_4070
790 1 _aДышекова
_bМ. С.
_gМария Сухахмадиновна
_4070
852 _aNLR
_bОНЛ
_jКабар./2-781
942 _cBOOK
980 _aNB